[Event "Bundesliga 9596"]
[Site "Deutschland"]
[Date "1996.??.??"]
[Round "?.3"]
[White "Pribyl, Josef"]
[Black "Movsziszian, Karen"]
[Result "1/2-1/2"]
[WhiteElo "2405"]
[BlackElo "2450"]
[PlyCount "100"]
[EventDate "1995.10.??"]
[EventType "team"]
[EventRounds "15"]
[EventCountry "GER"]
[SourceTitle "Bundesliga 9596"]
[Source "DeepChess"]
[SourceDate "2005.01.01"]
[SourceVersion "1"]
[SourceVersionDate "2005.01.01"]
[SourceQuality "1"]
[WhiteTeam "SC 1868 Bamberg e.V."]
[BlackTeam "Hamburger SK 1830 e.V."]
[WhiteTeamCountry "GER"]
[BlackTeamCountry "GER"]

1. e4 c5 2. Nc3 d6 3. f4 Nc6 4. Nf3 g6 5. Bb5 Bg7 6. O-O e6 7. Bxc6+ bxc6 8. d3
Rb8 9. e5 d5 10. Na4 Bf8 11. b3 d4 12. Ng5 Rb5 13. Qf3 Bd7 14. Ba3 Be7 15. Ne4
Qa5 16. c4 dxc3 17. Nexc3 Nh6 18. g4 f5 19. exf6 Bxf6 20. Nxb5 cxb5 21. Bb2
Bxb2 22. Nxb2 Qc3 23. Rf2 O-O 24. h3 Nf7 25. Qe3 Rc8 26. Rc1 Qb4 27. Nd1 c4 28.
bxc4 bxc4 29. Rb2 Qd6 30. dxc4 Bc6 31. Rd2 Qe7 32. Nc3 Qh4 33. Kh2 e5 34. Rf1
Re8 35. Nd5 exf4 36. Qxf4 Bxd5 37. Rxd5 Re2+ 38. Kg1 Qe7 39. Qxf7+ Qxf7 40.
Rxf7 Kxf7 41. Rd7+ Kf6 42. Rxa7 h6 43. a4 Rc2 44. Rc7 Ra2 45. h4 Rxa4 46. Rc6+
Ke5 47. Kf2 Kf4 48. Ke2 g5 49. Rxh6 Rxc4 50. hxg5 Kxg5 1/2-1/2

[Event "Bundesliga 9596"]
[Site "Deutschland"]
[Date "1996.??.??"]
[Round "?.4"]
[White "Mueller, Karsten"]
[Black "Kurz, Alexander"]
[Result "1-0"]
[WhiteElo "2485"]
[BlackElo "2350"]
[PlyCount "83"]
[EventDate "1995.10.??"]
[EventType "team"]
[EventRounds "15"]
[EventCountry "GER"]
[SourceTitle "Bundesliga 9596"]
[Source "DeepChess"]
[SourceDate "2005.01.01"]
[SourceVersion "1"]
[SourceVersionDate "2005.01.01"]
[SourceQuality "1"]
[WhiteTeam "Hamburger SK 1830 e.V."]
[BlackTeam "SC 1868 Bamberg e.V."]
[WhiteTeamCountry "GER"]
[BlackTeamCountry "GER"]

1. e4 c5 2. Nf3 d6 3. d4 cxd4 4. Nxd4 Nf6 5. Nc3 g6 6. Be3 Bg7 7. f3 O-O 8. Qd2
Nc6 9. O-O-O d5 10. Qe1 e6 11. h4 Qc7 12. h5 Nxh5 13. exd5 exd5 14. Ndb5 Qg3
15. Bf2 Qg5+ 16. Kb1 Be6 17. Nc7 Rad8 18. Nxe6 fxe6 19. Qxe6+ Kh8 20. Bh4 Qe5
21. Qxe5 Bxe5 22. Bxd8 Rxd8 23. Ne2 Kg7 24. Rh4 Nf6 25. Nc1 h5 26. Bd3 g5 27.
Rhh1 h4 28. Ne2 Nh5 29. Bf5 Kf6 30. Bg4 Ng3 31. Nxg3 Bxg3 32. Rd2 d4 33. Rhd1
Bf4 34. Re2 Be3 35. c3 Bf4 36. Re6+ Kf7 37. cxd4 Ne5 38. d5 Nc4 39. Re2 Kf6 40.
Re6+ Kf7 41. Rde1 Rxd5 42. Bh5+ 1-0

[Event "Bundesliga 9596"]
[Site "Deutschland"]
[Date "1996.??.??"]
[Round "?.5"]
[White "Meister, Peter"]
[Black "Michaelsen, Nils"]
[Result "1-0"]
[WhiteElo "2385"]
[BlackElo "2435"]
[PlyCount "122"]
[EventDate "1995.10.??"]
[EventType "team"]
[EventRounds "15"]
[EventCountry "GER"]
[SourceTitle "Bundesliga 9596"]
[Source "DeepChess"]
[SourceDate "2005.01.01"]
[SourceVersion "1"]
[SourceVersionDate "2005.01.01"]
[SourceQuality "1"]
[WhiteTeam "SC 1868 Bamberg e.V."]
[BlackTeam "Hamburger SK 1830 e.V."]
[WhiteTeamCountry "GER"]
[BlackTeamCountry "GER"]

1. d4 d5 2. c4 e6 3. Nc3 c5 4. cxd5 exd5 5. Nf3 Nc6 6. Bf4 Nf6 7. e3 cxd4 8.
Nxd4 Bb4 9. Bb5 Bd7 10. O-O O-O 11. Rc1 h6 12. a3 Bxc3 13. Rxc3 Nxd4 14. Bxd7
Ne6 15. Bxe6 fxe6 16. Qd4 Rf7 17. Rfc1 Qa5 18. f3 Re8 19. Rc5 Qa6 20. h3 Rfe7
21. Rc8 Kf7 22. Be5 Rxc8 23. Rxc8 Re8 24. Rc3 Qb6 25. Bxf6 gxf6 26. Qh4 Rg8 27.
b4 Qd6 28. Rc2 Qe5 29. Qxh6 d4 30. Qh7+ Rg7 31. Qe4 Qxe4 32. fxe4 d3 33. Rd2
Ke7 34. Rxd3 Rg5 35. Kf2 a5 36. bxa5 Rxa5 37. Rb3 Kd6 38. Kf3 Ra4 39. Kf4 f5
40. Rb4 Rxa3 41. exf5 exf5 42. Rxb7 Ra2 43. Rb6+ Kd5 44. Kf3 Ke5 45. h4 Ra1 46.
g3 Ra2 47. Rg6 Ra4 48. h5 Ra2 49. h6 Rb2 50. Ra6 Rc2 51. Ra4 Rc7 52. Rh4 Rh7
53. Rh1 Kf6 54. Kf4 Kg6 55. g4 fxg4 56. Kxg4 Kf7 57. e4 Kg8 58. e5 Ra7 59. h7+
Kh8 60. Kf5 Ra2 61. Rh4 Rf2+ 1-0

[Event "Bundesliga 9596"]
[Site "Deutschland"]
[Date "1996.??.??"]
[Round "?.6"]
[White "Maus, Soenke"]
[Black "Huemmer, Bernd"]
[Result "1-0"]
[WhiteElo "2415"]
[BlackElo "2280"]
[PlyCount "37"]
[EventDate "1995.10.??"]
[EventType "team"]
[EventRounds "15"]
[EventCountry "GER"]
[SourceTitle "Bundesliga 9596"]
[Source "DeepChess"]
[SourceDate "2005.01.01"]
[SourceVersion "1"]
[SourceVersionDate "2005.01.01"]
[SourceQuality "1"]
[WhiteTeam "Hamburger SK 1830 e.V."]
[BlackTeam "SC 1868 Bamberg e.V."]
[WhiteTeamCountry "GER"]
[BlackTeamCountry "GER"]

1. c4 Nf6 2. g3 c6 3. Nf3 d6 4. Bg2 e5 5. O-O Be7 6. d3 Nbd7 7. b3 O-O 8. Bb2
Re8 9. Nbd2 Bf8 10. Qc2 d5 11. e3 dxc4 12. Nxc4 Qc7 13. Rac1 e4 14. dxe4 Nxe4
15. Rfd1 Nd6 16. Ng5 g6 17. Qc3 Ne5 18. Nxd6 Bxd6 19. Ne4 1-0

[Event "Bundesliga 9596"]
[Site "Deutschland"]
[Date "1996.??.??"]
[Round "?.7"]
[White "Loew, Gerald"]
[Black "Heinemann, Thies"]
[Result "0-1"]
[WhiteElo "2285"]
[BlackElo "2410"]
[PlyCount "76"]
[EventDate "1995.10.??"]
[EventType "team"]
[EventRounds "15"]
[EventCountry "GER"]
[SourceTitle "Bundesliga 9596"]
[Source "DeepChess"]
[SourceDate "2005.01.01"]
[SourceVersion "1"]
[SourceVersionDate "2005.01.01"]
[SourceQuality "1"]
[WhiteTeam "SC 1868 Bamberg e.V."]
[BlackTeam "Hamburger SK 1830 e.V."]
[WhiteTeamCountry "GER"]
[BlackTeamCountry "GER"]

1. e4 c5 2. Nf3 d6 3. d4 cxd4 4. Nxd4 Nf6 5. Nc3 a6 6. a4 e5 7. Nf3 Qc7 8. Be3
Be6 9. a5 h6 10. Be2 Qc6 11. Qd3 Nbd7 12. h3 Rc8 13. O-O Be7 14. Rfd1 Nc5 15.
Bxc5 Qxc5 16. Ra4 O-O 17. Nd2 Rfd8 18. Bf3 Rd7 19. Nf1 Bd8 20. Rda1 d5 21. exd5
Nxd5 22. Nxd5 Bxd5 23. Bxd5 Qxd5 24. Qxd5 Rxd5 25. Ne3 Rd2 26. Rb4 Bg5 27. c3
Bxe3 28. fxe3 Rc7 29. Ra3 Rcd7 30. Rab3 Rc2 31. Rg4 f5 32. Rg3 Rd1+ 33. Kh2 f4
34. exf4 exf4 35. Rf3 g5 36. h4 Rcc1 37. g3 Rc2+ 38. Kh3 h5 0-1

[Event "Bundesliga 9596"]
[Site "Deutschland"]
[Date "1996.??.??"]
[Round "?.8"]
[White "Sievers, Stefan"]
[Black "Rupp, Markus"]
[Result "1/2-1/2"]
[WhiteElo "2375"]
[BlackElo "2330"]
[PlyCount "38"]
[EventDate "1995.10.??"]
[EventType "team"]
[EventRounds "15"]
[EventCountry "GER"]
[SourceTitle "Bundesliga 9596"]
[Source "DeepChess"]
[SourceDate "2005.01.01"]
[SourceVersion "1"]
[SourceVersionDate "2005.01.01"]
[SourceQuality "1"]
[WhiteTeam "Hamburger SK 1830 e.V."]
[BlackTeam "SC 1868 Bamberg e.V."]
[WhiteTeamCountry "GER"]
[BlackTeamCountry "GER"]

1. e4 e6 2. d4 d5 3. Nc3 Bb4 4. exd5 exd5 5. Bd3 Nc6 6. a3 Bxc3+ 7. bxc3 Qf6 8.
Qh5 Nge7 9. Bg5 Qe6+ 10. Ne2 Qg4 11. Ng3 Qxh5 12. Nxh5 O-O 13. Kd2 Bg4 14. Ng3
f6 15. Bf4 Rac8 16. h4 Na5 17. f3 Bd7 18. Rae1 Rfe8 19. Re2 Nc4+ 1/2-1/2

[Event "Bundesliga 9596"]
[Site "Deutschland"]
[Date "1996.??.??"]
[Round "?.2"]
[White "Ftacnik, Lubomir"]
[Black "Gabriel, Christian"]
[Result "1/2-1/2"]
[WhiteElo "2585"]
[BlackElo "2510"]
[PlyCount "62"]
[EventDate "1995.10.??"]
[EventType "team"]
[EventRounds "15"]
[EventCountry "GER"]
[SourceTitle "Bundesliga 9596"]
[Source "DeepChess"]
[SourceDate "2005.01.01"]
[SourceVersion "1"]
[SourceVersionDate "2005.01.01"]
[SourceQuality "1"]
[WhiteTeam "Hamburger SK 1830 e.V."]
[BlackTeam "SG 1868 Aljech. Solingen"]
[WhiteTeamCountry "GER"]
[BlackTeamCountry "GER"]

1. d4 Nf6 2. Nf3 e6 3. c4 d5 4. g3 Bb4+ 5. Nc3 dxc4 6. Bg2 Nc6 7. O-O O-O 8.
Bg5 h6 9. Bxf6 Qxf6 10. Rc1 Rd8 11. e3 Qe7 12. Qe2 Na5 13. Nd2 Bd7 14. Nxc4
Bxc3 15. Rxc3 Bb5 16. b3 c5 17. Qh5 Bxc4 18. bxc4 cxd4 19. exd4 Qb4 20. Rf3 g6
21. Qxh6 Rxd4 22. Qg5 Nxc4 23. Rb3 Qd2 24. Qf6 Nd6 25. Bf3 Rc4 26. Bxb7 Rb8 27.
Bd5 Rxb3 28. Bxc4 Rb4 29. Bxe6 fxe6 30. Qxg6+ Kf8 31. Qxe6 Re4 1/2-1/2

[Event "Bundesliga 9596"]
[Site "Deutschland"]
[Date "1996.??.??"]
[Round "?.3"]
[White "Chandler, Murray G"]
[Black "Movsziszian, Karen"]
[Result "1/2-1/2"]
[WhiteElo "2535"]
[BlackElo "2450"]
[PlyCount "79"]
[EventDate "1995.10.??"]
[EventType "team"]
[EventRounds "15"]
[EventCountry "GER"]
[SourceTitle "Bundesliga 9596"]
[Source "DeepChess"]
[SourceDate "2005.01.01"]
[SourceVersion "1"]
[SourceVersionDate "2005.01.01"]
[SourceQuality "1"]
[WhiteTeam "SG 1868 Aljech. Solingen"]
[BlackTeam "Hamburger SK 1830 e.V."]
[WhiteTeamCountry "GER"]
[BlackTeamCountry "GER"]

1. e4 c5 2. Nf3 d6 3. d4 cxd4 4. Qxd4 Nc6 5. Bb5 e5 6. Qd3 a6 7. Bxc6+ bxc6 8.
O-O h6 9. Rd1 Qc7 10. b3 Nf6 11. Ba3 d5 12. Bxf8 Kxf8 13. Nc3 Be6 14. Re1 d4
15. Na4 c5 16. c3 c4 17. Qd2 d3 18. bxc4 Rd8 19. Nb2 Bg4 20. Qe3 Bxf3 21. Qxf3
d2 22. Re2 Qa5 23. Rd1 Qxa2 24. Rexd2 Rxd2 25. Rxd2 Qb1+ 26. Qd1 Qxd1+ 27. Rxd1
Ke7 28. f3 Nd7 29. Rd5 Rc8 30. Na4 f6 31. Kf2 Rc6 32. c5 Nf8 33. Ke3 Ne6 34. g3
Nc7 35. Rd1 Ne6 36. Rd5 Nc7 37. Rd1 Ne6 38. Rd5 Nc7 39. Rd2 Ne6 40. Rd5 1/2-1/2

[Event "Bundesliga 9596"]
[Site "Deutschland"]
[Date "1996.??.??"]
[Round "?.4"]
[White "Mueller, Karsten"]
[Black "Bischoff, Klaus"]
[Result "0-1"]
[WhiteElo "2485"]
[BlackElo "2520"]
[PlyCount "82"]
[EventDate "1995.10.??"]
[EventType "team"]
[EventRounds "15"]
[EventCountry "GER"]
[SourceTitle "Bundesliga 9596"]
[Source "DeepChess"]
[SourceDate "2005.01.01"]
[SourceVersion "1"]
[SourceVersionDate "2005.01.01"]
[SourceQuality "1"]
[WhiteTeam "Hamburger SK 1830 e.V."]
[BlackTeam "SG 1868 Aljech. Solingen"]
[WhiteTeamCountry "GER"]
[BlackTeamCountry "GER"]

1. e4 c5 2. Nf3 d6 3. d4 cxd4 4. Nxd4 Nf6 5. Nc3 Nbd7 6. Bc4 a6 7. O-O g6 8.
Bg5 Bg7 9. Re1 h6 10. Bh4 Ne5 11. Bb3 g5 12. Bg3 e6 13. Qe2 Bd7 14. Rad1 Qc7
15. h3 O-O-O 16. a4 Ng8 17. Nf3 Ne7 18. Nxe5 dxe5 19. Rd3 Kb8 20. Red1 Bc8 21.
Qf3 f5 22. Bh2 Rxd3 23. Rxd3 f4 24. Nb1 Nc6 25. c3 Bf8 26. Nd2 Bc5 27. Bc4 h5
28. g4 hxg4 29. hxg4 Ba7 30. Ba2 Ne7 31. Qe2 Rh4 32. Kg2 Ng6 33. f3 Qh7 34. Nf1
Rh3 35. Rd8 Kc7 36. Rxc8+ Kxc8 37. Bxe6+ Kb8 38. Bf5 Qh4 39. Kh1 Rg3 40. Nxg3
fxg3 41. Bxg6 Bf2 0-1

[Event "Bundesliga 9596"]
[Site "Deutschland"]
[Date "1996.??.??"]
[Round "?.5"]
[White "Lau, Ralf"]
[Black "Loeffler, Stefan"]
[Result "1/2-1/2"]
[WhiteElo "2495"]
[BlackElo "2415"]
[PlyCount "39"]
[EventDate "1995.10.??"]
[EventType "team"]
[EventRounds "15"]
[EventCountry "GER"]
[SourceTitle "Bundesliga 9596"]
[Source "DeepChess"]
[SourceDate "2005.01.01"]
[SourceVersion "1"]
[SourceVersionDate "2005.01.01"]
[SourceQuality "1"]
[WhiteTeam "SG 1868 Aljech. Solingen"]
[BlackTeam "Hamburger SK 1830 e.V."]
[WhiteTeamCountry "GER"]
[BlackTeamCountry "GER"]

1. e4 Nf6 2. e5 Nd5 3. d4 d6 4. Nf3 dxe5 5. Nxe5 g6 6. Bc4 c6 7. O-O Bg7 8. Re1
O-O 9. c3 Be6 10. Nd2 Nd7 11. Nef3 Nc7 12. Bf1 c5 13. Nb3 cxd4 14. Nfxd4 Bd5
15. c4 e5 16. cxd5 exd4 17. Nxd4 Nb6 18. Nf3 Qxd5 19. Bf4 Ne6 20. Be5 1/2-1/2

[Event "Bundesliga 9596"]
[Site "Deutschland"]
[Date "1996.??.??"]
[Round "?.7"]
[White "Podzielny, Karl Heinz"]
[Black "Wegner, Hannu"]
[Result "1-0"]
[WhiteElo "2465"]
[BlackElo "2355"]
[PlyCount "41"]
[EventDate "1995.10.??"]
[EventType "team"]
[EventRounds "15"]
[EventCountry "GER"]
[SourceTitle "Bundesliga 9596"]
[Source "DeepChess"]
[SourceDate "2005.01.01"]
[SourceVersion "1"]
[SourceVersionDate "2005.01.01"]
[SourceQuality "1"]
[WhiteTeam "SG 1868 Aljech. Solingen"]
[BlackTeam "Hamburger SK 1830 e.V."]
[WhiteTeamCountry "GER"]
[BlackTeamCountry "GER"]

1. Nf3 Nf6 2. c4 c5 3. g3 Nc6 4. Bg2 d5 5. cxd5 Nxd5 6. Nc3 Nc7 7. O-O e5 8.
Ne1 Bd7 9. b3 Be7 10. Nd3 f6 11. Bb2 O-O 12. f4 exf4 13. Nxf4 Rb8 14. Rc1 b6
15. e3 Bd6 16. d4 Qe8 17. Ne4 Bxf4 18. exf4 cxd4 19. Re1 Qd8 20. Nd6 Ne7 21.
Qxd4 1-0

[Event "Bundesliga 9596"]
[Site "Deutschland"]
[Date "1996.??.??"]
[Round "?.8"]
[White "Sievers, Stefan"]
[Black "Zysk, Robert"]
[Result "0-1"]
[WhiteElo "2375"]
[BlackElo "2440"]
[PlyCount "70"]
[EventDate "1995.10.??"]
[EventType "team"]
[EventRounds "15"]
[EventCountry "GER"]
[SourceTitle "Bundesliga 9596"]
[Source "DeepChess"]
[SourceDate "2005.01.01"]
[SourceVersion "1"]
[SourceVersionDate "2005.01.01"]
[SourceQuality "1"]
[WhiteTeam "Hamburger SK 1830 e.V."]
[BlackTeam "SG 1868 Aljech. Solingen"]
[WhiteTeamCountry "GER"]
[BlackTeamCountry "GER"]

1. e4 g6 2. d4 d6 3. g3 Bg7 4. Bg2 c5 5. dxc5 Qa5+ 6. c3 Qxc5 7. Ne2 Nf6 8. O-O
Nc6 9. h3 O-O 10. Nf4 Ne5 11. a4 e6 12. b3 Rd8 13. Ra2 b6 14. c4 Bb7 15. Re1
Rd7 16. Nc3 a6 17. Be3 Qc7 18. Rc2 Rc8 19. Rc1 Rdd8 20. g4 h6 21. Nd3 g5 22.
Nxe5 dxe5 23. Qe2 Bf8 24. Red1 Bc5 25. f3 Nd7 26. Kf2 Nb8 27. a5 bxa5 28. Na4
Bd4 29. c5 Qe7 30. Qc4 Nc6 31. Bf1 Bxe3+ 32. Kxe3 Nd4 33. Rd3 Qf6 34. Rcd1 Bxe4
35. Rxd4 Qxf3+ 0-1

[Event "Bundesliga 9596"]
[Site "Deutschland"]
[Date "1995.??.??"]
[Round "?.1"]
[White "Glek, Igor V"]
[Black "Wahls, Matthias"]
[Result "1/2-1/2"]
[WhiteElo "2580"]
[BlackElo "2550"]
[PlyCount "76"]
[EventDate "1995.10.??"]
[EventType "team"]
[EventRounds "15"]
[EventCountry "GER"]
[SourceTitle "Bundesliga 9596"]
[Source "DeepChess"]
[SourceDate "2005.01.01"]
[SourceVersion "1"]
[SourceVersionDate "2005.01.01"]
[SourceQuality "1"]
[WhiteTeam "SG Bochum 31"]
[BlackTeam "Hamburger SK 1830 e.V."]
[WhiteTeamCountry "GER"]
[BlackTeamCountry "GER"]

1. Nf3 Nf6 2. c4 g6 3. Nc3 Bg7 4. d4 O-O 5. Bg5 h6 6. Bh4 c5 7. d5 d6 8. Nd2 g5
9. Bg3 Nh5 10. e3 Nxg3 11. hxg3 Bf5 12. e4 Bh7 13. Bd3 e6 14. Nf1 exd5 15. exd5
f5 16. Ne3 Qe7 17. Qc2 Nd7 18. g4 f4 19. Bxh7+ Kh8 20. Bf5 fxe3 21. O-O-O exf2
22. Qxf2 Ne5 23. Qc2 a6 24. Rh3 b5 25. Rdh1 bxc4 26. Rxh6+ Bxh6 27. Rxh6+ Kg8
28. Kb1 Rf6 29. Rh5 Rb8 30. Rxg5+ Kf8 31. Rh5 Ke8 32. Ne4 c3 33. b3 c4 34. Rh7
Rf7 35. Rh8+ Rf8 36. Rh7 Rf7 37. Rh8+ Rf8 38. Rh7 Rf7 1/2-1/2

[Event "Bundesliga 9596"]
[Site "Deutschland"]
[Date "1995.??.??"]
[Round "?.2"]
[White "Ftacnik, Lubomir"]
[Black "Piskov, Yury"]
[Result "1-0"]
[WhiteElo "2580"]
[BlackElo "2535"]
[PlyCount "93"]
[EventDate "1995.10.??"]
[EventType "team"]
[EventRounds "15"]
[EventCountry "GER"]
[SourceTitle "Bundesliga 9596"]
[Source "DeepChess"]
[SourceDate "2005.01.01"]
[SourceVersion "1"]
[SourceVersionDate "2005.01.01"]
[SourceQuality "1"]
[WhiteTeam "Hamburger SK 1830 e.V."]
[BlackTeam "SG Bochum 31"]
[WhiteTeamCountry "GER"]
[BlackTeamCountry "GER"]

1. d4 d5 2. c4 e6 3. Nf3 Nf6 4. g3 Bb4+ 5. Bd2 Be7 6. Bg2 c6 7. Qc2 O-O 8. O-O
b6 9. Bf4 Bb7 10. Nbd2 Nh5 11. Bxb8 Rxb8 12. e4 Nf6 13. Rfd1 dxc4 14. Nxc4 Rc8
15. Rac1 b5 16. Nce5 Qb6 17. Bh3 c5 18. d5 exd5 19. Bxc8 Rxc8 20. exd5 g6 21.
a4 Bxd5 22. Rxd5 Nxd5 23. Qb3 c4 24. Qxb5 Qxb5 25. axb5 c3 26. bxc3 Rxc3 27.
Rd1 Nb6 28. Kg2 Bf6 29. Nc6 Ra3 30. Rd6 Kg7 31. Nxa7 Na8 32. Rd7 Nb6 33. Rb7
Nc4 34. Nc6 Ra2 35. Nfd4 Ne3+ 36. Kf3 Nd1 37. Ne2 Ra3+ 38. Kg2 Ra2 39. Kf1 Ra1
40. Nf4 Nc3+ 41. Kg2 g5 42. Nh5+ Kg6 43. g4 Re1 44. Rb8 Re6 45. Rg8+ Kh6 46.
Nxf6 Nxb5 47. h4 1-0

[Event "Bundesliga 9596"]
[Site "Deutschland"]
[Date "1995.??.??"]
[Round "?.3"]
[White "Schmittdiel, Eckhard"]
[Black "Movsziszian, Karen"]
[Result "0-1"]
[WhiteElo "2435"]
[BlackElo "2440"]
[PlyCount "82"]
[EventDate "1995.10.??"]
[EventType "team"]
[EventRounds "15"]
[EventCountry "GER"]
[SourceTitle "Bundesliga 9596"]
[Source "DeepChess"]
[SourceDate "2005.01.01"]
[SourceVersion "1"]
[SourceVersionDate "2005.01.01"]
[SourceQuality "1"]
[WhiteTeam "SG Bochum 31"]
[BlackTeam "Hamburger SK 1830 e.V."]
[WhiteTeamCountry "GER"]
[BlackTeamCountry "GER"]

1. e4 g6 2. d4 Bg7 3. g3 d6 4. Bg2 Nf6 5. Nc3 O-O 6. Nge2 e5 7. h3 Nc6 8. Be3
exd4 9. Nxd4 Bd7 10. O-O Re8 11. Re1 a6 12. Qd3 Qc8 13. Nxc6 bxc6 14. Kh2 Re5
15. g4 Bxg4 16. hxg4 Qxg4 17. f3 Rh5+ 18. Kg1 Qh4 19. Kf1 Nd7 20. Rad1 Ne5 21.
Qe2 Rb8 22. Qxa6 f5 23. Bd4 c5 24. Bxe5 Bxe5 25. Nd5 Rf8 26. Qc4 Rf7 27. c3 c6
28. Nb6 Rg5 29. exf5 Qh2 30. Rd2 Rgxf5 31. Re3 Bf4 32. Re8+ Kg7 33. Rde2 Be5
34. Re3 h5 35. Nc8 Rg5 36. Qe2 h4 37. R3xe5 dxe5 38. Qf2 h3 39. Qg1 hxg2+ 40.
Kf2 Qg3+ 41. Ke2 Rh5 0-1

[Event "Bundesliga 9596"]
[Site "Deutschland"]
[Date "1995.??.??"]
[Round "?.4"]
[White "Mueller, Karsten"]
[Black "Backwinkel, Paul"]
[Result "1-0"]
[WhiteElo "2480"]
[BlackElo "2410"]
[PlyCount "71"]
[EventDate "1995.10.??"]
[EventType "team"]
[EventRounds "15"]
[EventCountry "GER"]
[SourceTitle "Bundesliga 9596"]
[Source "DeepChess"]
[SourceDate "2005.01.01"]
[SourceVersion "1"]
[SourceVersionDate "2005.01.01"]
[SourceQuality "1"]
[WhiteTeam "Hamburger SK 1830 e.V."]
[BlackTeam "SG Bochum 31"]
[WhiteTeamCountry "GER"]
[BlackTeamCountry "GER"]

1. e4 e6 2. d4 d5 3. Nd2 Nf6 4. e5 Nfd7 5. c3 c5 6. Bd3 cxd4 7. cxd4 Nc6 8. Ne2
a5 9. O-O Be7 10. f4 f5 11. exf6 Nxf6 12. Nf3 O-O 13. Ne5 Bd7 14. Be3 Nb4 15.
Bb1 Bb5 16. Rf3 Bxe2 17. Qxe2 Rc8 18. a3 Nc6 19. Bd3 Ne4 20. Rh3 Nxe5 21. fxe5
Rf5 22. Rf3 Qb6 23. Raf1 g6 24. Kh1 Bf8 25. g4 Rxf3 26. Qxf3 Bg7 27. Qf7+ Kh8
28. Qd7 Rg8 29. Bxe4 dxe4 30. Bg5 Qa6 31. Rf7 Qd3 32. Bh6 Qd1+ 33. Kg2 Qxg4+
34. Kh1 e3 35. Bxg7+ Rxg7 36. Qd8+ 1-0

[Event "Bundesliga 9596"]
[Site "Deutschland"]
[Date "1995.??.??"]
[Round "?.5"]
[White "Sonntag, Hans Hubert"]
[Black "Michaelsen, Nils"]
[Result "1/2-1/2"]
[WhiteElo "2415"]
[BlackElo "2425"]
[PlyCount "29"]
[EventDate "1995.10.??"]
[EventType "team"]
[EventRounds "15"]
[EventCountry "GER"]
[SourceTitle "Bundesliga 9596"]
[Source "DeepChess"]
[SourceDate "2005.01.01"]
[SourceVersion "1"]
[SourceVersionDate "2005.01.01"]
[SourceQuality "1"]
[WhiteTeam "SG Bochum 31"]
[BlackTeam "Hamburger SK 1830 e.V."]
[WhiteTeamCountry "GER"]
[BlackTeamCountry "GER"]

1. d4 d5 2. Nf3 c5 3. e3 Nf6 4. Be2 Nc6 5. O-O e6 6. Nbd2 Bd6 7. dxc5 Bxc5 8.
c4 O-O 9. a3 a5 10. b3 Qe7 11. Bb2 Rd8 12. Qc2 Ba7 13. Ne5 Bd7 14. Ndf3 Be8 15.
Nxc6 1/2-1/2

[Event "Bundesliga 9596"]
[Site "Deutschland"]
[Date "1995.??.??"]
[Round "?.6"]
[White "Loeffler, Stefan"]
[Black "Reschke, Stefan"]
[Result "1/2-1/2"]
[WhiteElo "2415"]
[BlackElo "2380"]
[PlyCount "164"]
[EventDate "1995.10.??"]
[EventType "team"]
[EventRounds "15"]
[EventCountry "GER"]
[SourceTitle "Bundesliga 9596"]
[Source "DeepChess"]
[SourceDate "2005.01.01"]
[SourceVersion "1"]
[SourceVersionDate "2005.01.01"]
[SourceQuality "1"]
[WhiteTeam "Hamburger SK 1830 e.V."]
[BlackTeam "SG Bochum 31"]
[WhiteTeamCountry "GER"]
[BlackTeamCountry "GER"]

1. Nf3 Nf6 2. c4 g6 3. Nc3 Bg7 4. g3 O-O 5. Bg2 c6 6. O-O d6 7. h3 e5 8. d4
Nbd7 9. e4 Re8 10. Be3 exd4 11. Nxd4 Nc5 12. Qc2 Qe7 13. Rfe1 Bd7 14. Rad1
Ncxe4 15. Bf4 d5 16. cxd5 cxd5 17. f3 Qc5 18. fxe4 Nxe4 19. Be3 Nxc3 20. Qxc3
Qxc3 21. bxc3 Rac8 22. Bd2 Be6 23. Rb1 b6 24. Nb5 Bf8 25. Nxa7 Ra8 26. Nb5 Rxa2
27. Be3 Bf5 28. Bd4 Rd8 29. Rbd1 Rb2 30. Nc7 Bd6 31. Be5 Bxe5 32. Rxe5 Rc8 33.
Nxd5 Kg7 34. Rde1 Be6 35. R5e2 Rxe2 36. Rxe2 Bxd5 37. Bxd5 Rxc3 38. Kg2 Rd3 39.
Bc4 Rd4 40. Rc2 h5 41. Kf3 Rd7 42. Rb2 Rd4 43. Ba6 Rd6 44. Rc2 Rf6+ 45. Ke4
Re6+ 46. Kf4 Rf6+ 47. Ke3 Re6+ 48. Kf3 Rf6+ 49. Kg2 Kh6 50. Rc7 Kg7 51. Bc4 Kf8
52. Rb7 Kg7 53. Bd5 Kf8 54. Bf3 Kg7 55. Kf2 Kf8 56. Ke3 Kg7 57. Bd5 Kf8 58. Ke4
Kg7 59. Rc7 Rf5 60. Rc6 Rg5 61. Rc3 Rf5 62. Rb3 Rf6 63. Rb4 Rd6 64. Ke5 Rf6 65.
Rf4 Rxf4 66. gxf4 f6+ 67. Ke6 g5 68. f5 g4 69. h4 b5 70. Be4 b4 71. Kd5 Kf8 72.
Kc4 Ke7 73. Kxb4 Kd6 74. Kc3 Ke5 75. Kd3 Kf4 76. Bc6 Kg3 77. Ke3 Kxh4 78. Kf2
Kg5 79. Be4 Kf4 80. Bc2 h4 81. Kg2 g3 82. Kh3 Kg5 1/2-1/2

[Event "Bundesliga 9596"]
[Site "Deutschland"]
[Date "1995.??.??"]
[Round "?.7"]
[White "Kassebaum, Roman"]
[Black "Heinemann, Thies"]
[Result "1/2-1/2"]
[WhiteElo "2360"]
[BlackElo "2410"]
[PlyCount "85"]
[EventDate "1995.10.??"]
[EventType "team"]
[EventRounds "15"]
[EventCountry "GER"]
[SourceTitle "Bundesliga 9596"]
[Source "DeepChess"]
[SourceDate "2005.01.01"]
[SourceVersion "1"]
[SourceVersionDate "2005.01.01"]
[SourceQuality "1"]
[WhiteTeam "SG Bochum 31"]
[BlackTeam "Hamburger SK 1830 e.V."]
[WhiteTeamCountry "GER"]
[BlackTeamCountry "GER"]

1. e4 c5 2. Nf3 d6 3. d4 cxd4 4. Qxd4 Nc6 5. Bb5 Bd7 6. Bxc6 Bxc6 7. Nc3 Nf6 8.
Bg5 e6 9. O-O-O Be7 10. Rhe1 Qa5 11. Nd5 Bxd5 12. exd5 Qxa2 13. dxe6 fxe6 14.
Rd3 e5 15. Qb4 O-O 16. Bxf6 Bxf6 17. Qxb7 Kh8 18. Ra3 Qc4 19. Qb3 Qc7 20. Qd5
Qb6 21. Rb3 Qxf2 22. Qd2 Qc5 23. Rc3 Qb6 24. Rb3 Qc7 25. Qd5 Rab8 26. Rxb8 Rxb8
27. Re4 Qb6 28. b3 h6 29. h4 Qa6 30. Kb2 Rc8 31. g4 Qc6 32. Qxc6 Rxc6 33. c4
Kh7 34. h5 a5 35. Ka3 Bd8 36. Re2 Rc7 37. Nd2 Rf7 38. Ne4 Be7 39. Ka4 Rf3 40.
Rd2 Rf4 41. Nxd6 Rxg4 42. Kxa5 e4 43. c5 1/2-1/2